Cómo resolver problemas de comportamiento en la escuela y en casa
Saved in:
| Hovedforfatter: | |
|---|---|
| Format: | Bog |
| Sprog: | spansk |
| Udgivet: |
Barcelona
Ceac
1990
|
| Fag: | |
| Tags: |
Tilføj Tag
Ingen Tags, Vær først til at tagge denne postø!
|
MARC
| LEADER | 00000nam a22000005a 4500 | ||
|---|---|---|---|
| 003 | CL-ChBUA | ||
| 005 | 20120815091450.0 | ||
| 008 | 080226s1990 sp ||||| |||| 000 ||spa | ||
| 020 | |a 8432994359 | ||
| 040 | |a CL-ChBUA |c CL-ChBUA | ||
| 082 | 0 | 0 | |a 150.1943 |
| 090 | |c 22846 |d 22846 | ||
| 100 | 1 | |a Blechman, Elaine A. | |
| 245 | 1 | 0 | |a Cómo resolver problemas de comportamiento en la escuela y en casa |
| 260 | |a Barcelona |b Ceac |c 1990 | ||
| 300 | |a 256 p. |c 21 cm. | ||
| 504 | |a Indice | ||
| 650 | 4 | |a CONDUCCION DE CLASES | |
| 650 | 4 | |a RELACIONES - PROFESOR - ALUMNO | |
| 942 | |c LIB | ||
| 952 | |0 0 |1 0 |2 ddc |4 0 |6 150_194300000000000_B_646 |7 0 |9 55486 |a UNACH |b UNACH |c 100 |d 2008-02-26 |i 32.406 |l 2 |o 150.1943 / B 646 |p 56572 |r 2013-06-26 00:00:00 |s 2013-06-07 |u 55486 |w 2012-08-08 |y LIB | ||
| 999 | |c 22846 |d 22846 | ||